[Event "SVK-ch U10"]
[Site "Liptovsky Mikulas"]
[Date "2007.04.27"]
[Round "9"]
[White "Hlavina, Lubos"]
[Black "Slatkovsky, Filip"]
[Result "1-0"]
[WhiteElo "1372"]
[BlackElo "1350"]
[PlyCount "109"]
[EventDate "2007.04.22"]
[EventType "swiss"]
[EventRounds "9"]
[EventCountry "SVK"]
[SourceTitle "EXT 2008"]
[Source "ChessBase"]
[SourceDate "2007.11.25"]
[SourceVersion "1"]
[SourceVersionDate "2007.11.25"]
[SourceQuality "1"]

1. e4 e5 2. Nf3 Nf6 3. Nc3 Bb4 4. Bc4 Bxc3 5. dxc3 0-0 6. Bg5 h6 7. Bh4 Nc6 8. 0-0 Na5 9. Bb3 c5 10. Qe2 Re8 11. Bd5 Rb8 12. b4 cxb4 13. cxb4 Nc6 14. Qc4 Rf8 15. c3 b5 16. Qb3 Qe7 17. h3 Qd6 18. Rfd1 Nxd5 19. Qxd5 Qc7 20. Bg3 Re8 21. Qd6 Rb7 22. Qxc7 Rxc7 23. Rd5 f6 24. Rxb5 a6 25. Rd5 Ra7 26. a4 Rd8 27. a5 Bb7 28. Rdd1 Kf7 29. Re1 Ne7 30. Rac1 Re8 31. Re3 d5 32. Nd2 Rd8 33. exd5 Nxd5 34. Rd3 Raa8 35. Nc4 g5 36. Rcd1 Rac8 37. Nb6 Nxc3 38. Rxd8 Nxd1 39. Nxc8 Ke6 40. Rxd1 Bxc8 41. Rc1 Bd7 42. Rc5 h5 43. Kf1 h4 44. Bh2 Kf5 45. b5 Bxb5+ 46. Rxb5 axb5 47. a6 b4 48. a7 b3 49. a8Q b2 50. Qb8 Ke4 51. Qxb2 f5 52. Qxe5+ Kd3 53. Qa5 Ke4 54. Ke2 g4 55. Qe5# 1-0

[Event "SVK-ch U10"]
[Site "Liptovsky Mikulas"]
[Date "2007.04.24"]
[Round "5"]
[White "Slatkovsky, Filip"]
[Black "Szabo, Zoltan"]
[Result "1-0"]
[WhiteElo "1350"]
[BlackElo "1350"]
[PlyCount "33"]
[EventDate "2007.04.22"]
[EventType "swiss"]
[EventRounds "9"]
[EventCountry "SVK"]
[SourceTitle "EXT 2008"]
[Source "ChessBase"]
[SourceDate "2007.11.25"]
[SourceVersion "1"]
[SourceVersionDate "2007.11.25"]
[SourceQuality "1"]

1. e4 e5 2. Nf3 Nc6 3. Bc4 Nf6 4. Ng5 Qe7 5. Nxf7 Rg8 6. Ng5 Rh8 7. Bf7+ Kd8 8. Bc4 h6 9. Nf7+ Ke8 10. Nxh8 Qb4 11. b3 Ng4 12. Qxg4 d6 13. Qg6+ Kd8 14. a3 Qa5 15. Be6 Bxe6 16. Qxe6 d5 17. Nf7# 1-0

[Event "SVK-ch U10"]
[Site "Liptovsky Mikulas"]
[Date "2007.04.23"]
[Round "2"]
[White "Molnar, Erno"]
[Black "Slatkovsky, Filip"]
[Result "1/2-1/2"]
[WhiteElo "1350"]
[BlackElo "1350"]
[PlyCount "118"]
[EventDate "2007.04.22"]
[EventType "swiss"]
[EventRounds "9"]
[EventCountry "SVK"]
[SourceTitle "EXT 2008"]
[Source "ChessBase"]
[SourceDate "2007.11.25"]
[SourceVersion "1"]
[SourceVersionDate "2007.11.25"]
[SourceQuality "1"]

1. e4 e5 2. Nf3 Nf6 3. Nxe5 d6 4. Nf3 Nxe4 5. Nc3 Nxc3 6. dxc3 Nc6 7. Bc4 Be7 8. 0-0 0-0 9. Bf4 Bf5 10. Re1 Bh4 11. Nxh4 Qxh4 12. g3 Qh3 13. Bd5 Bg4 14. Bf3 Bd7 15. Bg2 Qf5 16. h3 Rfe8 17. Rxe8+ Rxe8 18. g4 Qxf4 19. Bxc6 Bxc6 20. Qf1 a6 21. Re1 Rxe1 22. Qxe1 Qf3 23. Kf1 Qxh3+ 24. Ke2 Bb5+ 25. Kd2 Qxg4 26. c4 Qxc4 27. b3 Qb4+ 28. c3 Qa3 29. Qe7 Qxa2+ 30. Kc1 h6 31. Qd8+ Kh7 32. Qe7 Qxb3 33. Qe4+ Kh8 34. Qxb7 Qxc3+ 35. Kd1 Qd3+ 36. Kc1 Ba4 37. Qc8+ Kh7 38. Kb2 Qb3+ 39. Ka1 Qc2 40. Qb8 Bb3 41. Qxb3 Qxf2 42. Qc2+ Kh8 43. Qxf2 g5 44. Qb2+ Kg8 45. Qb7 h5 46. Qb8+ Kh7 47. Qb1+ Kg7 48. Qb2+ f6 49. Qb8 h4 50. Qxc7+ Kg6 51. Qxd6 h3 52. Qg3 f5 53. Qxh3 g4 54. Qg3 Kg5 55. Kb1 f4 56. Qa3 f3 57. Qc1+ Kh4 58. Qh1+ Kg3 59. Qg1+ Kh3 1/2-1/2

[Event "SVK-ch U10"]
[Site "Brezova pod Bradlom"]
[Date "2006.03.06"]
[Round "3"]
[White "Forgac, Matej"]
[Black "Slatkovsky, Filip"]
[Result "1-0"]
[WhiteElo "1350"]
[BlackElo "1350"]
[PlyCount "39"]
[EventDate "2006.03.05"]
[EventType "swiss"]
[EventRounds "9"]
[EventCountry "SVK"]
[SourceTitle "EXT 2008"]
[Source "ChessBase"]
[SourceDate "2007.11.25"]
[SourceVersion "1"]
[SourceVersionDate "2007.11.25"]
[SourceQuality "1"]

1. e4 c5 2. Bc4 g6 3. Nc3 Nf6 4. Nf3 Bg7 5. d3 0-0 6. 0-0 Ne8 7. Ng5 h6 8. Nf3 Nc6 9. Be3 e6 10. Bxc5 Nd6 11. Bxd6 Re8 12. b4 a6 13. a4 Bxc3 14. Ra3 Bxb4 15. Bxb4 Nxb4 16. Qd2 a5 17. Qxh6 Nxc2 18. Ng5 Nxa3 19. Qh7+ Kf8 20. Qxf7# 1-0